Planning appeals (Record no. 76205)

MARC details
000 -LEADER
fixed length control field 00819cab a2200181 4500
001 - CONTROL NUMBER
control field ##L131629
008 - FIXED-LENGTH DATA ELEMENTS--GENERAL INFORMATION
fixed length control field 051121n2005 000 0 eng u
035 ## - SYSTEM CONTROL NUMBER
System control number (Sirsi) u131629
041 0# - LANGUAGE CODE
Language code of text/sound track or separate title eng
100 1# - MAIN ENTRY--PERSONAL NAME
Personal name Gallimore, Michael
245 00 - TITLE STATEMENT
Title Planning appeals
260 ## - PUBLICATION, DISTRIBUTION, ETC.
Date of publication, distribution, etc. 2005
490 #0 - SERIES STATEMENT
Series statement Property Week
Volume/sequential designation 70(45) 11 November 2005, 75(1)
520 ## - SUMMARY, ETC.
Summary, etc. Reviews two appeal cases which highlight the importance of good design in the planning process, especially if the proposed site for development is urban. C won their appeal because the inspector thought the new building would enhance the apprearance of the town. However, M & C lost their case, as the inspector ruled that the opposite was true.
590 ## - LOCAL NOTE (RLIN)
Local note IKA221105
690 ## - LOCAL SUBJECT ADDED ENTRY--TOPICAL TERM (OCLC, RLIN)
Topical term or geographic name as entry element BUILT ENVIRONMENT-CONSTRUCTION MANAGEMENT-CONSTRUCTION PLANNING
942 ## - ADDED ENTRY ELEMENTS (KOHA)
Suppress in OPAC 0
Holdings
Withdrawn status Lost status Source of classification or shelving scheme Damaged status Not for loan Home library Current library Shelving location Date acquired Total Checkouts Barcode Date last seen Copy number Price effective from Koha item type
    Dewey Decimal Classification     London London Journal article 21/11/2005   L131629 06/08/2019 1 06/08/2019 Journal article